Einzelwirtschaftliche Wirkungen umweltpolitischer Instrumente.

Vplyv ekologických opatrení na ekonomické subjekty v trhovom hospodárstve. Analýza vplyvu opatrení na zníženie emisií z priemyslových palív na výkonnosť a efektívnosť s využitím cenového modelu a modelu situácie, v ktorej sa obmedzujú množstvá exhalátov. Náklady na znižovanie emisií.

Guardado en:
Detalles Bibliográficos
Autor principal: Bellmann, K.
Formato: Capítulo de libro
Lenguaje:alemán
Materias:
Etiquetas: Agregar Etiqueta
Sin Etiquetas, Sea el primero en etiquetar este registro!

MARC

LEADER 00000naa a2200000 4500
001 r003133
005 20220819193906.0
041 0 |a ger 
044 |a DE 
245 1 0 |a Einzelwirtschaftliche Wirkungen umweltpolitischer Instrumente.  |c K. Bellmann 
520 |a Vplyv ekologických opatrení na ekonomické subjekty v trhovom hospodárstve. Analýza vplyvu opatrení na zníženie emisií z priemyslových palív na výkonnosť a efektívnosť s využitím cenového modelu a modelu situácie, v ktorej sa obmedzujú množstvá exhalátov. Náklady na znižovanie emisií. 
610 2 0 |a ekológia 
610 2 0 |a hospodárstvo trhové 
610 2 0 |a exhaláty 
610 2 0 |a palivá 
610 2 0 |a modely cenové 
610 2 0 |a výkonnosť 
610 2 0 |a náklady 
610 2 0 |a efektívnosť 
100 1 |a Bellmann, K.